| 000 | 00554nam a22001457a 4500 | ||
|---|---|---|---|
| 020 | _a0-09-947294-5 | ||
| 082 |
_a823 _bCOL/A |
||
| 100 | _aCOLE, STEVE | ||
| 245 |
_aASTROSAURS _bRIDDLE OF THE RAPTORS |
||
| 260 |
_aUNITED KINGDOM _bRED FOX _c18/07/2019 |
||
| 300 | _a128 | ||
| 520 | _aCaptain Teggs is no ordinary dinosaur - he's an astrosaur! On the incredible spaceship DSS Sauropod, along with his faithful crew, Gypsy, Arx and Iggy, Teggs rights wrongs, fights evil and eats a lot of grass! | ||
| 650 |
_aADVENTURE STORY _zUNITED KINGDOM |
||
| 942 | _cBK | ||
| 999 |
_c6058 _d6058 |
||